| 000 | 00523 a2200169 4500 | ||
|---|---|---|---|
| 001 | 189461 | ||
| 020 | _a978-85-731-166-9 | ||
| 040 | _cMagnum | ||
| 100 | _aCarneiro, Izabel Patriota Pereira | ||
| 240 | 1 | 0 |
_aAmérica do Sul e África: um olhar próprio _lPOR |
| 245 | 1 | 0 | _aAmérica do Sul e África: um olhar próprio |
| 300 | _a504 | ||
| 362 | 0 | _a2009 | |
| 440 | 1 | _aFundação Alexandre de Gusmão | |
| 697 | _aRELALÇÕES INTERNACIONAIS, POLÍTICA MUNDIAL. POLÍTICA INTERNACIONAL. POLÍTICA EXTERNA | ||
| 942 | _cBK | ||
| 999 |
_c189461 _d189461 |
||